000 01392cam a2200157 4500500
005 20260208005954.0
041 _afre
042 _adc
100 1 0 _aBoudou, Bénédicte
_eauthor
245 0 0 _aMICHEL SERVET, Sept livres sur les erreurs de la Trinité. Édition bilingue. Traduction du latin par ROLANDE-MICHELLE BÉNIN et MARIE- LOUISE GICQUEL. Champion, 2008. Un vol. de 637 p.
260 _c2010.
500 _a100
520 _aEn mai 1939, le mécène Robert Zunz commande à Max Jacob deux albums importantscomposés de gouaches, de dessins et de poèmes. L’artiste a entretenu une correspondanced’affaire avec son client qui évolue rapidement. La déclaration de guerre, l’exode, l’Occupation, l’arrestation de Zunz le 12 décembre 1941, son incarcération au camp de Compiègnevont bouleverser la situation. Le destin croisé de deux hommes permet de saisir le portrait dedeux Juifs français convertis que les persécutions vont plonger, malgré le réconfort et le salutde la Foi, dans l’effondrement. L’article est truffé de nombreux extraits de la correspondanceet présente par ailleurs un choix de lettres significatif.
786 0 _nRevue d'histoire littéraire de la France | 109 | 4 | 2010-01-06 | p. 937b-939b | 0035-2411
856 4 1 _uhttps://shs.cairn.info/revue-d-histoire-litteraire-de-la-france-2009-4-page-937b?lang=fr&redirect-ssocas=7080
999 _c1654661
_d1654661